000 01121nam a22002897a 4500
001 10001
003 FISKH
005 20260325101950.0
008 260325b cb ||||| |||| 00| 0 eng d
020 _a9789814573085
040 _aFISKH
_beng
_cFISKH
_dFISKH
050 _aQA135.6
082 _a510.71
100 _aShahbal, Hawa
245 _aTop Maths textbook 2B /
_cAuthors: Hawa Shahbal ; Penny Sim ; Consultant: Katharine Edgar
260 _aToa Payoh Lorong :
_bAiston Publishing,
_c2016
300 _a171 pages :
_bcolor illustrations ;
_c28 cm
505 _aJ
520 _aA primary-level mathematics textbook that builds strong foundational skills through a structured approach, combining visual models, practical activities, and problem-solving exercises to support students’ understanding of key math concepts.
521 8 _a500
_bLexile estimate
521 8 _aJ
_bRaz-Plus
650 _aMathematics
_v Juvenile literature
650 _aCambridge Primary Mathematics
_vTextbooks Problem solving
700 _aEdgar, Katharine
_eConsultor
942 _2ddc
_cBK
_n0
999 _c10001
_d10001